[Event "SuperChess Cup Blitz 2019"]
[Site "Bucharest"]
[Date "2019.11.09"]
[Round "9.5"]
[White "Deac, Bogdan-Daniel"]
[Black "Peptan, Corina-Isabela"]
[Result "1-0"]
[WhiteElo "2544"]
[BlackElo "2334"]
[Annotator "TA"]
[PlyCount "80"]
[EventDate "2019.11.06"]
[EventType "tourn"]
[EventCountry "ROU"]
[SourceTitle "playchess.com"]
[Source "ChessBase"]
[SourceQuality "1"]

{[%evp 25,80,30,43,43,27,25,58,52,54,0,102,49,61,58,99,116,147,145,169,156,149,107,107,102,114,0,0,-103,0,-63,-15,0,0,0,0,0,0,0,158,166,234,224,222,239,233,120,216,198,396,351,511,347,372,356,632,599,1395]} 1. Nf3 d5 2. c4 c6 3. d4 Nf6 4. Nc3 e6 5. Bg5 h6 6. Bxf6 Qxf6 7. Qb3 Nd7 8. e4 dxe4 9. Nxe4 Qf4 10. Bd3 Be7 11. O-O O-O 12. Rfe1 Rd8 13. Rad1 b6 14. Bc2 {D43: Semi-Slav: 5 Bg5 h6} Bb7 15. c5 (15. h4 Qc7 16. Qe3 c5 17. d5 exd5 18. cxd5 Nf8 {1-0 (50) Aronian,L (2805)-Leko,P (2740) Tromsoe 2014}) 15... Qc7 {[%cal Rb6c5]} 16. Qd3 $1 {White is slightly better.} Nf8 17. Qc3 $146 ({White should play} 17. Qa3 $14) ({Predecessor:} 17. b4 a5 18. a3 axb4 19. axb4 {½-½ (38) Neri,E (1809)-Cavalcanti,B (2270) ICCF email 2016}) 17... f5 (17... Nd7 $1 $11 {remains equal.}) 18. Ned2 (18. Ng3 $16) 18... bxc5 $14 19. dxc5 Bf6 20. Qa3 Kh8 21. Nc4 Rd5 22. Nd6 a5 23. Rxd5 cxd5 {[#]} 24. Ba4 $1 Bc6 25. Bc2 ({White has to play} 25. Bxc6 $16 Qxc6 26. Ne5 Bxe5 27. Nf7+ {[%mdl 64] Double Attack} (27. Rxe5 Kh7 $14) 27... Kg8 28. Nxe5) 25... Rb8 26. b3 (26. Ne5 $11) 26... Rb4 (26... Bc3 $17 {Threatens to win with ...Bb4.} 27. Qc1 d4) 27. Bd3 (27. Qc1 $11) 27... Kg8 28. Qc1 a4 29. Qd2 Qb8 30. Bc2 $1 axb3 31. axb3 {[%cal Ba2b3,Bb3b4][%mdl 32]} Kh8 $2 ({Better is} 31... d4 $11) 32. Ne5 $36 {[%mdl 2048] White has strong initiative.} Bxe5 (32... Be8 $142 33. Nd3 Re4) 33. Nf7+ $18 {[%mdl 64] [#] Double Attack} ({Weaker is} 33. Rxe5 Bd7 $16) 33... Kg8 34. Nxe5 Be8 35. Nd3 (35. Qc3 $18) 35... Rb5 (35... Rd4 $16) 36. b4 Qb7 $2 (36... Rb7 37. Qc3 Qc8) 37. Qc3 Qb8 (37... Qa7 $142 38. Ne5 Rb8) 38. Rb1 Qa7 39. Ne5 Qa2 $2 (39... Rb8 40. c6 Qb6) 40. Ra1 Qxa1+ {Accuracy: White = 62%, Black = 23%.} 1-0

[Event "SuperChess Cup Blitz 2019"]
[Site "Bucharest"]
[Date "2019.11.10"]
[Round "10.1"]
[White "Gavrilescu, David"]
[Black "Peptan, Corina-Isabela"]
[Result "1-0"]
[WhiteElo "2274"]
[BlackElo "2334"]
[Annotator "ChessBase"]
[PlyCount "97"]
[EventDate "2019.11.06"]
[EventType "tourn"]
[EventCountry "ROU"]
[SourceTitle "playchess.com"]
[Source "ChessBase"]
[SourceQuality "1"]
[TimeMode "Bronstein"]
[TimeControl "300+3"]

1. e4 {[%emt 0:00:00]} c5 {[%emt 0:00:00]} 2. Nf3 {[%emt 0:00:00]} e6 {[%emt 0:00:00]} 3. d4 {[%emt 0:00:00]} cxd4 {[%emt 0:00:00]} 4. Nxd4 {[%emt 0:00:00]} a6 {[%emt 0:00:00]} 5. c4 {[%emt 0:00:00]} Nf6 {[%emt 0:00:00]} 6. Nc3 {[%emt 0:00:00]} d6 {[%emt 0:00:00]} 7. Be3 {[%emt 0:00:00]} b6 {[%emt 0:00:00]} 8. Be2 {[%emt 0:00:01]} Bb7 {[%emt 0:00:00]} 9. f3 {[%emt 0:00:02]} Be7 {[%emt 0:00:00]} 10. O-O {[%emt 0:00:02]} O-O {[%emt 0:00:09]} 11. Qd2 {[%emt 0:00:02]} Nc6 {[%emt 0:00:21]} 12. Rfc1 {[%emt 0:00:14]} Rc8 {[%emt 0:00:14]} 13. Qe1 {[%emt 0:00:29]} Ne5 {[%emt 0:00:46]} 14. Na4 {[%emt 0:00:03]} Nfd7 {[%emt 0:00:17]} 15. b4 {[%emt 0:01:12]} Bf6 {[%emt 0:00:15]} 16. Rab1 {[%emt 0:00:09]} Qc7 {[%emt 0:00:21]} 17. Qf2 {[%emt 0:00:03]} Qb8 {[%emt 0:00:05]} 18. Nb3 {[%emt 0:00:40]} Nxc4 {[%emt 0:00:05]} 19. Bxc4 {[%emt 0:00:08]} b5 {[%emt 0:00:03]} 20. Na5 {[%emt 0:00:14]} bxc4 {[%emt 0:00:09]} 21. Nxc4 {[%emt 0:00:10]} d5 {[%emt 0:00:11]} 22. Ba7 {[%emt 0:00:06]} Qf4 {[%emt 0:00:39]} 23. g3 {[%emt 0:00:03]} Qg5 {[%emt 0:00:03]} 24. Be3 {[%emt 0:00:03]} Qg6 {[%emt 0:00:03]} 25. Nd6 {[%emt 0:00:18]} Rxc1+ {[%emt 0:00:03]} 26. Rxc1 {[%emt 0:00:03]} Ba8 {[%emt 0:00:03]} 27. Nc5 {[%emt 0:00:12]} Ne5 {[%emt 0:00:16]} 28. Rd1 {[%emt 0:00:10]} dxe4 {[%emt 0:00:03]} 29. Ncxe4 {[%emt 0:00:03]} Bxe4 {[%emt 0:00:13]} 30. Nxe4 {[%emt 0:00:03]} Ng4 {[%emt 0:00:03]} 31. Nxf6+ {[%emt 0:00:05]} Nxf6 {[%emt 0:00:03]} 32. Bc5 {[%emt 0:00:05]} Re8 {[%emt 0:00:05]} 33. Qe2 {[%emt 0:00:03]} Qf5 {[%emt 0:00:05]} 34. Kg2 {[%emt 0:00:04]} h5 {[%emt 0:00:04]} 35. Rd4 {[%emt 0:00:04]} a5 {[%emt 0:00:05]} 36. a3 {[%emt 0:00:03]} axb4 {[%emt 0:00:03]} 37. axb4 {[%emt 0:00:03]} Nd5 {[%emt 0:00:06]} 38. Qe4 {[%emt 0:00:10]} Ra8 {[%emt 0:00:52]} 39. Qxf5 {[%emt 0:00:03]} Ne3+ {[%emt 0:00:03]} 40. Kf2 {[%emt 0:00:03]} Nxf5 {[%emt 0:00:03]} 41. Rd2 {[%emt 0:00:03]} Rb8 {[%emt 0:00:05]} 42. Rb2 {[%emt 0:00:03]} f6 {[%emt 0:00:04]} 43. b5 {[%emt 0:00:03]} Kf7 {[%emt 0:00:03]} 44. b6 {[%emt 0:00:04]} Ke8 {[%emt 0:00:14]} 45. b7 {[%emt 0:00:04]} Ne7 {[%emt 0:00:03]} 46. Ba7 {[%emt 0:00:03]} Nc6 {[%emt 0:00:03]} 47. Bxb8 {[%emt 0:00:03]} Nxb8 {[%emt 0:00:03]} 48. Rc2 {[%emt 0:00:03]} Kd7 {[%emt 0:00:03]} 49. Rc8 {[%emt 0:00:03]} 1-0

[Event "SuperChess Cup Blitz 2019"]
[Site "Bucharest"]
[Date "2019.11.10"]
[Round "10.2"]
[White "Deac, Bogdan-Daniel"]
[Black "Parligras, Mircea-Emilian"]
[Result "1/2-1/2"]
[WhiteElo "2544"]
[BlackElo "2458"]
[Annotator "ChessBase"]
[PlyCount "50"]
[EventDate "2019.11.06"]
[EventType "tourn"]
[EventCountry "ROU"]
[SourceTitle "playchess.com"]
[Source "ChessBase"]
[SourceQuality "1"]
[TimeMode "Bronstein"]
[TimeControl "300+3"]

1. e4 {[%emt 0:00:00]} e5 {[%emt 0:00:00]} 2. Nf3 {[%emt 0:00:00]} Nc6 {[%emt 0:00:00]} 3. Bb5 {[%emt 0:00:00]} Nf6 {[%emt 0:00:00]} 4. O-O {[%emt 0:00:00]} Nxe4 {[%emt 0:00:00]} 5. Re1 {[%emt 0:00:00]} Nd6 {[%emt 0:00:00]} 6. Nxe5 {[%emt 0:00:00]} Be7 {[%emt 0:00:00]} 7. Bf1 {[%emt 0:00:00]} Nxe5 {[%emt 0:00:00]} 8. Rxe5 {[%emt 0:00:00]} O-O {[%emt 0:00:00]} 9. d4 {[%emt 0:00:00]} Ne8 {[%emt 0:00:00]} 10. d5 {[%emt 0:00:00]} Bc5 {[%emt 0:00:00]} 11. Re1 {[%emt 0:00:00]} d6 {[%emt 0:00:00]} 12. Nc3 {[%emt 0:00:00]} Bf5 {[%emt 0:00:03]} 13. h3 {[%emt 0:00:17]} Qf6 {[%emt 0:00:45]} 14. Be3 {[%emt 0:01:38]} Qg6 {[%emt 0:00:04]} 15. Bd3 {[%emt 0:00:41]} h6 {[%emt 0:00:12]} 16. Bxc5 {[%emt 0:02:22]} dxc5 {[%emt 0:00:12]} 17. Bxf5 {[%emt 0:00:03]} Qxf5 {[%emt 0:00:03]} 18. Ne4 {[%emt 0:00:03]} Nf6 {[%emt 0:00:17]} 19. Nxf6+ {[%emt 0:00:05]} Qxf6 {[%emt 0:00:03]} 20. c3 {[%emt 0:00:03]} Rad8 {[%emt 0:00:32]} 21. Qb3 {[%emt 0:00:03]} b6 {[%emt 0:00:08]} 22. Re3 {[%emt 0:00:03]} Rfe8 {[%emt 0:00:21]} 23. Rae1 {[%emt 0:00:03]} Rxe3 {[%emt 0:00:03]} 24. Rxe3 {[%emt 0:00:03]} a5 {[%emt 0:00:18]} 25. c4 {[%emt 0:00:03]} g6 {[%emt 0:00:39]} 1/2-1/2

[Event "SuperChess Cup Blitz 2019"]
[Site "Bucharest"]
[Date "2019.11.10"]
[Round "10.3"]
[White "Georgescu, Tiberiu-Marian"]
[Black "Lupulescu, Constantin"]
[Result "0-1"]
[WhiteElo "2373"]
[BlackElo "2525"]
[Annotator "ChessBase"]
[PlyCount "112"]
[EventDate "2019.11.06"]
[EventType "tourn"]
[EventCountry "ROU"]
[SourceTitle "playchess.com"]
[Source "ChessBase"]
[SourceQuality "1"]
[TimeMode "Bronstein"]
[TimeControl "300+3"]

1. c4 {[%emt 0:00:00]} e6 {[%emt 0:00:00]} 2. Nc3 {[%emt 0:00:00]} d5 {[%emt 0:00:00]} 3. d4 {[%emt 0:00:00]} Nf6 {[%emt 0:00:00]} 4. cxd5 {[%emt 0:00:00]} exd5 {[%emt 0:00:00]} 5. Bg5 {[%emt 0:00:00]} Be7 {[%emt 0:00:00]} 6. e3 {[%emt 0:00:00]} c6 {[%emt 0:00:00]} 7. Bd3 {[%emt 0:00:00]} Nbd7 {[%emt 0:00:00]} 8. Qc2 {[%emt 0:00:00]} Nb6 {[%emt 0:00:35]} 9. O-O-O {[%emt 0:00:24]} Nh5 {[%emt 0:00:15]} 10. Bxe7 {[%emt 0:00:03]} Qxe7 {[%emt 0:00:03]} 11. Kb1 {[%emt 0:00:24]} g6 {[%emt 0:00:21]} 12. h3 {[%emt 0:00:03]} Ng7 {[%emt 0:00:07]} 13. g4 {[%emt 0:00:10]} Be6 {[%emt 0:00:16]} 14. Nge2 {[%emt 0:00:03]} O-O-O {[%emt 0:00:20]} 15. Rc1 {[%emt 0:00:03]} Kb8 {[%emt 0:00:03]} 16. Na4 {[%emt 0:00:07]} Nxa4 {[%emt 0:00:11]} 17. Qxa4 {[%emt 0:00:03]} h5 {[%emt 0:00:16]} 18. gxh5 {[%emt 0:01:17]} Rxh5 {[%emt 0:00:05]} 19. Nf4 {[%emt 0:00:06]} Bf5 {[%emt 0:00:24]} 20. Rc3 {[%emt 0:00:32]} Bxd3+ {[%emt 0:00:28]} 21. Nxd3 {[%emt 0:00:09]} Ne6 {[%emt 0:00:41]} 22. Ra3 {[%emt 0:00:13]} a6 {[%emt 0:00:03]} 23. Rb3 {[%emt 0:00:07]} Ka7 {[%emt 0:00:06]} 24. Rc1 {[%emt 0:00:03]} Rc8 {[%emt 0:00:09]} 25. Qa5 {[%emt 0:00:20]} Qc7 {[%emt 0:00:03]} 26. Qb4 {[%emt 0:00:03]} Rxh3 {[%emt 0:00:05]} 27. a4 {[%emt 0:00:09]} Rh2 {[%emt 0:00:05]} 28. a5 {[%emt 0:00:18]} f6 {[%emt 0:00:04]} 29. Rc2 {[%emt 0:00:10]} Rh1+ {[%emt 0:00:03]} 30. Ka2 {[%emt 0:00:03]} g5 {[%emt 0:00:05]} 31. Nc5 {[%emt 0:00:08]} Nxc5 {[%emt 0:00:03]} 32. Qxc5+ {[%emt 0:00:03]} Ka8 {[%emt 0:00:03]} 33. Rb6 {[%emt 0:00:04]} Rhh8 {[%emt 0:00:08]} 34. Rc3 {[%emt 0:00:05]} Rh7 {[%emt 0:00:12]} 35. Rcb3 {[%emt 0:00:09]} Qd8 {[%emt 0:00:03]} 36. Qc2 {[%emt 0:00:04]} Rg7 {[%emt 0:00:05]} 37. Qf5 {[%emt 0:00:04]} Ka7 {[%emt 0:00:05]} 38. Qe6 {[%emt 0:00:07]} Rcc7 {[%emt 0:00:04]} 39. Qf5 {[%emt 0:00:03]} Qd6 {[%emt 0:00:08]} 40. Qh3 {[%emt 0:00:22]} Rg8 {[%emt 0:00:03]} 41. Qh6 {[%emt 0:00:07]} Qe7 {[%emt 0:00:03]} 42. Qh2 {[%emt 0:00:04]} f5 {[%emt 0:00:04]} 43. Qh6 {[%emt 0:00:03]} Rf8 {[%emt 0:00:07]} 44. f3 {[%emt 0:00:14]} g4 {[%emt 0:00:05]} 45. Qf4 {[%emt 0:00:07]} Rg8 {[%emt 0:00:09]} 46. fxg4 {[%emt 0:00:03]} fxg4 {[%emt 0:00:03]} 47. Qf1 {[%emt 0:00:04]} g3 {[%emt 0:00:11]} 48. Rxa6+ {[%emt 0:00:08]} bxa6 {[%emt 0:00:03]} 49. Rb6 {[%emt 0:00:03]} Ka8 {[%emt 0:00:03]} 50. Qc1 {[%emt 0:00:05]} g2 {[%emt 0:00:08]} 51. Rxa6+ {[%emt 0:00:03]} Kb8 {[%emt 0:00:03]} 52. Rb6+ {[%emt 0:00:03]} Kc8 {[%emt 0:00:11]} 53. Qg1 {[%emt 0:00:03]} Qd6 {[%emt 0:00:04]} 54. a6 {[%emt 0:00:03]} Ra7 {[%emt 0:00:03]} 55. Qc1 {[%emt 0:00:03]} Kd7 {[%emt 0:00:09]} 56. Qg1 {[%emt 0:00:04]} Qc7 {[%emt 0:00:03]} 0-1

[Event "SuperChess Cup Blitz 2019"]
[Site "Bucharest"]
[Date "2019.11.10"]
[Round "10.4"]
[White "Cosma, Elena-Luminita"]
[Black "Miron, Lucian-Costin"]
[Result "0-1"]
[WhiteElo "2199"]
[BlackElo "2432"]
[Annotator "ChessBase"]
[PlyCount "152"]
[EventDate "2019.11.06"]
[EventType "tourn"]
[EventCountry "ROU"]
[SourceTitle "playchess.com"]
[Source "ChessBase"]
[SourceQuality "1"]
[TimeMode "Bronstein"]
[TimeControl "300+3"]

1. d4 {[%emt 0:00:00]} d5 {[%emt 0:00:00]} 2. c4 {[%emt 0:00:00]} e6 {[%emt 0:00:00]} 3. Nf3 {[%emt 0:00:00]} c6 {[%emt 0:00:00]} 4. Qc2 {[%emt 0:00:00]} Nf6 {[%emt 0:00:00]} 5. g3 {[%emt 0:00:00]} dxc4 {[%emt 0:00:06]} 6. Qxc4 {[%emt 0:00:00]} b5 {[%emt 0:00:03]} 7. Qb3 {[%emt 0:00:28]} Bb7 {[%emt 0:00:09]} 8. Bg2 {[%emt 0:00:04]} Nbd7 {[%emt 0:00:03]} 9. O-O {[%emt 0:00:08]} a6 {[%emt 0:00:05]} 10. a4 {[%emt 0:00:03]} c5 {[%emt 0:00:37]} 11. axb5 {[%emt 0:00:18]} Bd5 {[%emt 0:00:03]} 12. Qc2 {[%emt 0:00:25]} axb5 {[%emt 0:00:09]} 13. Rxa8 {[%emt 0:00:03]} Qxa8 {[%emt 0:00:03]} 14. Nc3 {[%emt 0:00:03]} Bc6 {[%emt 0:00:03]} 15. dxc5 {[%emt 0:01:08]} Bxc5 {[%emt 0:00:07]} 16. Nh4 {[%emt 0:00:53]} Bxg2 {[%emt 0:00:19]} 17. Nxg2 {[%emt 0:00:03]} b4 {[%emt 0:00:03]} 18. Nb1 {[%emt 0:00:16]} O-O {[%emt 0:00:06]} 19. Be3 {[%emt 0:00:03]} Be7 {[%emt 0:00:35]} 20. Nd2 {[%emt 0:00:03]} Rc8 {[%emt 0:00:04]} 21. Qb3 {[%emt 0:00:03]} h6 {[%emt 0:00:31]} 22. Nc4 {[%emt 0:00:08]} Nd5 {[%emt 0:00:14]} 23. Rc1 {[%emt 0:00:10]} Qa6 {[%emt 0:00:13]} 24. Qd3 {[%emt 0:00:21]} Bf6 {[%emt 0:00:22]} 25. h4 {[%emt 0:00:09]} Nxe3 {[%emt 0:00:28]} 26. Ngxe3 {[%emt 0:00:03]} Bxb2 {[%emt 0:00:03]} 27. Rb1 {[%emt 0:00:03]} Nc5 {[%emt 0:00:03]} 28. Qd6 {[%emt 0:00:46]} Bc3 {[%emt 0:00:08]} 29. Qxa6 {[%emt 0:00:08]} Nxa6 {[%emt 0:00:03]} 30. Kg2 {[%emt 0:00:09]} Nc5 {[%emt 0:00:07]} 31. Na5 {[%emt 0:00:05]} Ne4 {[%emt 0:00:12]} 32. Nb3 {[%emt 0:00:03]} Rd8 {[%emt 0:00:03]} 33. Nc4 {[%emt 0:00:03]} Rc8 {[%emt 0:00:05]} 34. Ne3 {[%emt 0:00:04]} h5 {[%emt 0:00:04]} 35. Kf3 {[%emt 0:00:04]} Nd6 {[%emt 0:00:03]} 36. Nd1 {[%emt 0:00:03]} Nb5 {[%emt 0:00:03]} 37. e3 {[%emt 0:00:03]} Bf6 {[%emt 0:00:09]} 38. Ke2 {[%emt 0:00:03]} g6 {[%emt 0:00:23]} 39. Rc1 {[%emt 0:00:03]} Ra8 {[%emt 0:00:26]} 40. Rc5 {[%emt 0:00:03]} Ra2+ {[%emt 0:00:06]} 41. Kd3 {[%emt 0:00:06]} Nc3 {[%emt 0:00:03]} 42. Nxc3 {[%emt 0:00:03]} bxc3 {[%emt 0:00:03]} 43. f4 {[%emt 0:00:03]} Rg2 {[%emt 0:00:06]} 44. Nd4 {[%emt 0:00:03]} Rxg3 {[%emt 0:00:07]} 45. Rxc3 {[%emt 0:00:03]} Bxd4 {[%emt 0:00:05]} 46. Kxd4 {[%emt 0:00:03]} Rh3 {[%emt 0:00:03]} 47. Ke5 {[%emt 0:00:03]} Kg7 {[%emt 0:00:03]} 48. Rd3 {[%emt 0:00:03]} Rxh4 {[%emt 0:00:03]} 49. e4 Rh1 {[%emt 0:00:03]} 50. Rd7 {[%emt 0:00:03]} Rf1 {[%emt 0:00:03]} 51. Ra7 {[%emt 0:00:03]} h4 {[%emt 0:00:04]} 52. Ra3 {[%emt 0:00:03]} Rh1 {[%emt 0:00:03]} 53. f5 {[%emt 0:00:03]} exf5 {[%emt 0:00:03]} 54. exf5 {[%emt 0:00:03]} Re1+ {[%emt 0:00:03]} 55. Kf4 {[%emt 0:00:03]} Rf1+ {[%emt 0:00:03]} 56. Kg4 {[%emt 0:00:03]} Rxf5 {[%emt 0:00:03]} 57. Kxh4 {[%emt 0:00:03]} Rb5 {[%emt 0:00:03]} 58. Ra4 {[%emt 0:00:03]} Kh6 {[%emt 0:00:03]} 59. Kg4 {[%emt 0:00:03]} Rc5 {[%emt 0:00:03]} 60. Rb4 {[%emt 0:00:03]} f6 {[%emt 0:00:03]} 61. Ra4 {[%emt 0:00:03]} g5 {[%emt 0:00:03]} 62. Ra6 {[%emt 0:00:03]} Kg6 {[%emt 0:00:03]} 63. Rb6 {[%emt 0:00:03]} Rc4+ {[%emt 0:00:03]} 64. Kg3 {[%emt 0:00:03]} Rd4 {[%emt 0:00:03]} 65. Ra6 {[%emt 0:00:03]} Kf5 {[%emt 0:00:03]} 66. Ra5+ {[%emt 0:00:03]} Ke6 {[%emt 0:00:03]} 67. Ra6+ {[%emt 0:00:03]} Ke5 {[%emt 0:00:03]} 68. Ra5+ {[%emt 0:00:03]} Rd5 {[%emt 0:00:03]} 69. Ra6 {[%emt 0:00:03]} f5 {[%emt 0:00:03]} 70. Rg6 {[%emt 0:00:03]} Rd3+ {[%emt 0:00:03]} 71. Kf2 {[%emt 0:00:03]} Kf4 {[%emt 0:00:03]} 72. Rg8 {[%emt 0:00:03]} Rd2+ {[%emt 0:00:03]} 73. Ke1 {[%emt 0:00:03]} Ra2 {[%emt 0:00:03]} 74. Rg7 {[%emt 0:00:03]} g4 {[%emt 0:00:03]} 75. Kf1 {[%emt 0:00:03]} Kf3 {[%emt 0:00:03]} 76. Ke1 {[%emt 0:00:03]} g3 {[%emt 0:00:03]} 0-1

[Event "SuperChess Cup Blitz 2019"]
[Site "Bucharest"]
[Date "2019.11.10"]
[Round "10.5"]
[White "Istratescu, Andrei"]
[Black "David, Alexandru-Vasile"]
[Result "1-0"]
[WhiteElo "2604"]
[BlackElo "2361"]
[Annotator "TA"]
[PlyCount "77"]
[EventDate "2019.11.06"]
[EventType "tourn"]
[EventCountry "ROU"]
[SourceTitle "playchess.com"]
[Source "ChessBase"]
[SourceQuality "1"]

{[%evp 21,76,31,41,29,53,25,54,49,149,126,206,202,247,248,247,188,249,258,258,260,254,198,198,198,196,196,185,163,181,165,173,168,220,213,233,241,290,290,290,290,278,286,1081,255,347,345,324,306,879,879,29965,29956,29997,29998,29998,29999,29999]} 1. e4 c5 2. Nf3 Nc6 3. Bb5 g6 4. O-O Bg7 5. c3 e5 6. d4 cxd4 7. cxd4 exd4 8. Bf4 Nge7 9. Bd6 O-O 10. Nbd2 a6 11. Bc4 b5 12. Bb3 {[%mdl 1024] White has compensation. B31: Sicilian: 2...Nc6 3 Bb5 g6} (12. Bd5 Bb7 13. Nb3 Nxd5 14. Bxf8 Qxf8 15. exd5 Nb4 16. Nbxd4 Bxd5 17. a3 Nc6 18. Rc1 Re8 19. b3 Qd6 {0-1 (39) Santos Latasa,J (2594)-Maghsoodloo,P (2656) Leon 2019}) 12... Bb7 13. Rc1 Rc8 $146 ({Predecessor:} 13... h6 14. e5 Re8 15. Ne4 Nf5 16. Bd5 Na5 {½-½ (28) Sedina,E (2351)-Guliyeva,S (2040) Tbilisi 2011}) 14. e5 {White is slightly better.} h6 {[#]} (14... Bh6 $14) 15. Ne4 $1 $16 Na5 (15... Nxe5 $16 16. Nxe5 Bxe5) 16. Rxc8 (16. Qxd4 Rxc1 17. Rxc1 Nxb3 $17) 16... Bxc8 17. Nf6+ (17. Nxd4 Re8 $16) (17. Qxd4 Nxb3 18. axb3 Bb7 $11) 17... Kh8 18. Nd5 ({Don't take} 18. Nxd4 $6 Nb7 $16) (18. Qxd4 Nf5 $11) 18... Nxd5 (18... Nec6 $142 19. Bc7 (19. Nxd4 Nxb3 20. Nxb3 Nxe5 $16) (19. Bxf8 Qxf8 20. Re1 Nxb3 $16) 19... Qe8) 19. Bxd5 $18 (19. Bxf8 Nxb3 20. Bxg7+ (20. Qxb3 Nf4 $16) 20... Kxg7) 19... Nc6 20. Bxf8 ({Don't do} 20. Nxd4 $6 Bxe5 21. Bxf8 (21. Nxc6 dxc6 22. Bxf8 cxd5 $16) 21... Qxf8 $16) 20... Qxf8 21. Bxc6 dxc6 22. Qxd4 Be6 23. a3 Bd5 24. Qe3 Qe7 25. Re1 Kh7 26. h3 c5 (26... a5 $142 27. Nd4 h5) 27. Nh2 c4 28. Ng4 h5 {[#]} 29. Nf6+ $1 Bxf6 30. exf6 Qxf6 {[%mdl 4096] Endgame [#] KQR-KQB} 31. Qe5 $1 Qc6 $2 (31... Qxe5 32. Rxe5 Be6) 32. f3 $2 (32. Rd1 Qe6 33. Rxd5) 32... Be6 33. Rd1 a5 34. Kh2 {aiming for Rd8.} Qb6 $2 (34... Qa8 35. Qxb5 Qh8) 35. Rd6 Qb7 36. Rd8 {[%csl Gd8][%cal Re5h8] White mates.} g5 37. Rh8+ Kg6 38. Rg8+ Kh7 39. Qg7# {Accuracy: White = 67%, Black = 25%.} 1-0

[Event "SuperChess Cup Blitz 2019"]
[Site "Bucharest"]
[Date "2019.11.10"]
[Round "11.1"]
[White "Istratescu, Andrei"]
[Black "Gavrilescu, David"]
[Result "1-0"]
[WhiteElo "2604"]
[BlackElo "2274"]
[Annotator "ChessBase"]
[PlyCount "99"]
[EventDate "2019.11.06"]
[EventType "tourn"]
[EventCountry "ROU"]
[SourceTitle "playchess.com"]
[Source "ChessBase"]
[SourceQuality "1"]
[TimeMode "Bronstein"]
[TimeControl "300+3"]

1. e4 {[%emt 0:00:00]} e6 {[%emt 0:00:00]} 2. d4 {[%emt 0:00:00]} d5 {[%emt 0:00:00]} 3. Nc3 {[%emt 0:00:00]} Nf6 {[%emt 0:00:00]} 4. Bg5 {[%emt 0:00:00]} dxe4 {[%emt 0:00:00]} 5. Nxe4 {[%emt 0:00:00]} Nbd7 {[%emt 0:00:00]} 6. Nf3 {[%emt 0:00:00]} h6 {[%emt 0:00:00]} 7. Nxf6+ {[%emt 0:00:00]} Nxf6 {[%emt 0:00:00]} 8. Bh4 {[%emt 0:00:16]} c5 {[%emt 0:00:00]} 9. Bb5+ {[%emt 0:00:20]} Bd7 {[%emt 0:00:00]} 10. Bxd7+ {[%emt 0:00:06]} Qxd7 {[%emt 0:00:00]} 11. Bxf6 {[%emt 0:00:03]} gxf6 {[%emt 0:00:00]} 12. c3 {[%emt 0:00:03]} cxd4 {[%emt 0:00:21]} 13. Nxd4 {[%emt 0:00:03]} Bc5 {[%emt 0:00:04]} 14. Qf3 {[%emt 0:00:03]} Bxd4 {[%emt 0:00:30]} 15. O-O-O {[%emt 0:00:03]} Rc8 {[%emt 0:00:11]} 16. Kb1 {[%emt 0:00:03]} Qc6 {[%emt 0:00:03]} 17. Qxc6+ {[%emt 0:00:09]} Rxc6 {[%emt 0:00:03]} 18. Rxd4 {[%emt 0:00:03]} Rc7 {[%emt 0:00:25]} 19. Rhd1 {[%emt 0:00:11]} Ke7 {[%emt 0:00:04]} 20. Kc2 {[%emt 0:00:18]} f5 {[%emt 0:00:03]} 21. a4 {[%emt 0:00:25]} Rg8 {[%emt 0:00:14]} 22. g3 {[%emt 0:00:03]} Kf6 {[%emt 0:00:30]} 23. Rd7 {[%emt 0:00:07]} Rgc8 {[%emt 0:00:03]} 24. Rxc7 {[%emt 0:00:05]} Rxc7 {[%emt 0:00:03]} 25. b4 {[%emt 0:00:06]} f4 {[%emt 0:00:28]} 26. a5 {[%emt 0:00:13]} Kf5 {[%emt 0:00:11]} 27. Kb3 {[%emt 0:00:24]} fxg3 {[%emt 0:00:14]} 28. hxg3 {[%emt 0:00:08]} Ke4 {[%emt 0:00:24]} 29. Rd4+ {[%emt 0:00:48]} Kf3 {[%emt 0:00:25]} 30. Rf4+ {[%emt 0:00:03]} Ke2 {[%emt 0:00:03]} 31. c4 {[%emt 0:00:18]} Rd7 {[%emt 0:00:48]} 32. b5 {[%emt 0:00:10]} Kd3 {[%emt 0:00:43]} 33. c5 {[%emt 0:01:00]} Rd5 {[%emt 0:00:03]} 34. Kb4 {[%emt 0:00:13]} e5 {[%emt 0:00:06]} 35. Rf3+ {[%emt 0:00:06]} Ke4 {[%emt 0:00:03]} 36. Rxf7 {[%emt 0:00:03]} Rd4+ {[%emt 0:00:03]} 37. Kc3 {[%emt 0:00:04]} Rd3+ {[%emt 0:00:03]} 38. Kc2 {[%emt 0:00:03]} Rd5 {[%emt 0:00:03]} 39. Rxb7 {[%emt 0:00:04]} Rxc5+ {[%emt 0:00:03]} 40. Kb3 {[%emt 0:00:03]} Kd3 {[%emt 0:00:03]} 41. b6 {[%emt 0:00:04]} Rxa5 {[%emt 0:00:03]} 42. bxa7 {[%emt 0:00:03]} Ke2 {[%emt 0:00:03]} 43. Rf7 {[%emt 0:00:03]} e4 {[%emt 0:00:03]} 44. g4 {[%emt 0:00:08]} Kf1 {[%emt 0:00:04]} 45. Kc4 {[%emt 0:00:04]} Kg2 {[%emt 0:00:03]} 46. Kd4 {[%emt 0:00:03]} Ra4+ {[%emt 0:00:03]} 47. Ke3 {[%emt 0:00:04]} Kh3 {[%emt 0:00:03]} 48. Kf4 {[%emt 0:00:03]} e3+ {[%emt 0:00:03]} 49. Kxe3 {[%emt 0:00:03]} Kxg4 {[%emt 0:00:03]} 50. Rf4+ {[%emt 0:00:03]} 1-0